Concise commentary on the Holy Bible: (Record no. 622)

000 -LEADER
fixed length control field 00642nam a2200181 a 4500
001 - CONTROL NUMBER
control field :::00013778$&:&@@
003 - CONTROL NUMBER IDENTIFIER
control field OkBaRHE
005 - DATE AND TIME OF LATEST TRANSACTION
control field 20100324134627.0
008 - FIXED-LENGTH DATA ELEMENTS--GENERAL INFORMATION
fixed length control field s1977 j 000 0 eng u
040 ## - CATALOGING SOURCE
Transcribing agency
100 1# - MAIN ENTRY--PERSONAL NAME
Personal name Young, Robert, 1822-1888.
245 10 - TITLE STATEMENT
Title Concise commentary on the Holy Bible:
Remainder of title being a companion to the new translation of the old and new covenants.
260 ## - PUBLICATION, DISTRIBUTION, ETC. (IMPRINT)
Place of publication, distribution, etc Grand Rapids, MI., :
Name of publisher, distributor, etc Baker Book House
Date of publication, distribution, etc 1977
300 ## - PHYSICAL DESCRIPTION
Extent 797 p. ;
Dimensions 23 cm.
650 ## - SUBJECT ADDED ENTRY--TOPICAL TERM
Topical term or geographic name as entry element Bible
General subdivision Commentaries
942 ## - ADDED ENTRY ELEMENTS (KOHA)
Source of classification or shelving scheme
Koha item type Books
Copies
Date acquired Shelving location Date last seen Withdrawn status Collection code Source of classification or shelving scheme Koha item type Damaged status Barcode Copy number Permanent Location Lost status Not for loan Price effective from Full call number
2010-04-14General Stacks2010-04-14 Reference Books 137781RHEMA Bible Training College  2010-04-14BS 491 .Y65 1977